Transkultúrna ošetrovateľská starostlivosť: áno či nie?

Dr. Madeileine Leiningerová - zakladateľka multikultúrneho ošetrovateľstva. Vývoj a rozdiely transkultúrneho ošetrovateľstva v Európe. Transkultúrna ošetrovateľská starostlivosť na Slovensku. Vzdelávanie v transkultúrnom ošetrovateľstve. Názory na transkultúrnu ošetrovateľskú starostlivosť. Názory s...

ver descrição completa

Na minha lista:
Detalhes bibliográficos
Autor principal: Gulášová, Ivica
Outros Autores: Babečka, Jozef
Formato: Capítulo de Livro
Idioma:eslovaco
Assuntos:
Tags: Adicionar Tag
Sem tags, seja o primeiro a adicionar uma tag!

MARC

LEADER 00000nla a2200000 4500
001 0236882
005 20240417075127.9
041 0 |a slo 
044 |a CZ 
245 1 0 |a Transkultúrna ošetrovateľská starostlivosť: áno či nie?  |c Ivica Gulášová, Jozef Babečka 
520 |a Dr. Madeileine Leiningerová - zakladateľka multikultúrneho ošetrovateľstva. Vývoj a rozdiely transkultúrneho ošetrovateľstva v Európe. Transkultúrna ošetrovateľská starostlivosť na Slovensku. Vzdelávanie v transkultúrnom ošetrovateľstve. Názory na transkultúrnu ošetrovateľskú starostlivosť. Názory sestier na problémy pri poskytovaní starostlivosti o pacientov a klientov z iných kultúr. 
610 2 0 |a starostlivosť o zdravie 
610 2 0 |a ošetrovateľstvo 
610 2 0 |a zdravotníctvo 
610 2 0 |a kultúra 
610 2 0 |a náboženstvo 
610 2 0 |a národ 
610 2 0 |a národnosti 
610 2 0 |a vzdelávanie 
610 2 0 |a vedomosti 
610 2 0 |a jazyky cudzie 
100 1 |a Gulášová, Ivica 
700 1 |a Babečka, Jozef